00601 2200181 4500245005300000020001800053250001500071100001700086100002700103650002500130005001900155260002700174041001400201084001000215300003000225500015500255336000900410 aPemasaran Pariwisata TerpaducOka A. YoetihText a979-665-008-8 aEd. Revisi aOka A. Yoeti aTim Penyunting Angkasa aPemasaran Pariwisata a20230927140155 aBandungbAngkasac2013 aIndonesia a910.2 axviii, 102 hlm. :c21 cm. aBuku ini berisi pembahasan seperti, bahan baku industri pariwisata, penawaran suatu paket wisata, unsur-unsur suatu paket wisata, dan lain sebagainya. atext